Tennis - Les Joueurs en Activité les Plus Titrés - Statistiques

Statistiques générales
  • Ce quiz a été pris 615 fois
  • Le résultat moyen est 17 sur 20
Statistiques - réponses
Titres Nationalité Classement ATP Joueur % Correct
98 Serbie 1 Novak Djokovic
99%
92 Espagne 446 Rafael Nadal
99%
22 Allemagne 5 Alexander Zverev
97%
46 Royaume-Uni 62 Andy Murray
96%
20 Russie 4 Daniil Medvedev
95%
13 Espagne 2 Carlos Alcaraz
94%
12 France 47 Gaël Monfils
94%
13 Italie 3 Jannik Sinner
90%
11 Grèce 11 Stefanos Tsitsipas
90%
12 Norvège 8 Casper Ruud
87%
16 Suisse 83 Stanislas Wawrinka
86%
16 Russie 6 Andrey Rublev
82%
16 France 120 Richard Gasquet
82%
17 Autriche 90 Dominic Thiem
80%
9 Bulgarie 12 Grigor Dimitrov
80%
20 Croatie 441 Marin Cilic
77%
12 Japon 351 Kei Nishikori
76%
16 États-Unis 301 John Isner
58%
9 Italie 103 Fabio Fognini
56%
11 Espagne 100 Roberto Bautista-Agut
51%
Aucun quiz correspondant
Distribution des résultats
% des personnes avec chaque résultat
Percentile par nombre de réponses
Votre historique - résultats
Vous n’avez pas pris ce quiz